00662nam a2200133 a 450000100100000000500170001000800410002704000250006808200150009311000700010824502290017826001000040730000210050700003211920200930063439.0110712s1947 dr 000 | spa d aDO-SdBNPbspacBNPHU axxxbR426m1 aRepública Dominicana.bPresidente (1942-1952 : Trujillo Molina)10aMensaje depositado el 27 de febrero de 1947 en el Congreso Nacional por el Presidente de la República Dominicana generalísimo Dr. Rafael Leónidas Trujillo Molina para darle cuenta de su gestión durante el año 1946. aCiudad Trujillo, República Dominicana :bTalleres Tipográficos de Virgilio Montalvo,c1947. a137 p. ;c23 cm.